Statistics for Songs with Age in the Title or Lyric

Click here to take the quiz!

General Stats

  • This quiz has been taken 23 times
  • The average score is 6 of 16

Answer Stats

ArtistLyricSong Title% Correct
The BeatlesWill you still need me, will you still feed meWhen I'm Sixty-Four
71%
The BeatlesWell, she was just seventeen You know what I mean And the way she looked Was way beyond compareI Saw Her Standing There
62%
Ringo StarrYou come on like a dream, peaches and cream Lips like strawberry wine ***'** ******* , you're beautiful and you're mineYou're Sixteen
62%
Taylor SwiftEverything will be alright, if We just keep dancing like we're ******-***22
52%
Joan Jett & The BlackheartsI saw him dancin' there by the record machine I knew he must a been about seventeenI Love Rock 'n' Roll
48%
Johnny CashWell my daddy left home when I was three And he didn't leave much to Ma and me Just this old guitar and an empty bottle of boozeA Boy Named Sue
43%
Chuck BerryThey're really rockin' in Boston ..... All the cats wanna dance with ...Sweet Little Sixteen
38%
Stevie NicksJust like the white winged dove Sings a song Sounds like she's singing Who who whoEdge of Seventeen
33%
Neil SedakaWhen you were only six, I was your big brother Then when you were ten, we didn't like each other When you were thirteen, you were my funny valentineHappy Birthday Sweet Sixteen
33%
Frank SinatraWhen I was seventeen ** *** * **** **** **** for small town girls And soft summer nightsIt Was a Very Good Year
33%
Johnny RiversMarie is only six years old, Information please. Help me get in touch with her In ******* *********Memphis Tennessee
33%
Alice CooperI'm a boy and I'm a man. *'* ******* and I like itI'm Eighteen
29%
John Cougar MellencampHoldin' on to sixteen as long as you can Change is coming 'round real soon Make us woman and manJack and Diane
29%
The CrestsYou're only sixteen but you're my teenage queen You're the prettiest, the loveliest girl I've ever seenSixteen Candles
19%
Meat Loaf'Cause we were barely seventeen and we were barely dressedParadise by the Dashboard Lights
10%
Grand Funk RailroadAnd I say by that time I ought to be in my prime, I'm gonna' strut like a cock until I'm ninety-nine.Walk Like a Man
5%

Score Distribution

Percentile by Number Answered

Percent of People with Each Score

Your Score History

You have not taken this quiz